000 00505nam a22001817a 4500
003 DO-SdBNP
005 20180207094451.0
008 161107b 20uu ck 00| 0 spa d
040 _aBPMSU
_bspa
_cBPMSU
082 _axxxx
_bS698v
100 1 _aSonico, Auro
245 1 0 _aVisita de un adulto reciƩn nacido /
_cAuro Sonico
260 _a[Colombia]:
_b[s.n],
_c[20--].
300 _a199 p. :
_c19 cm.
942 _2ddc
_cBK
945 _ainventariado extranjero / DG
956 _aYLOCKWARD
_210
_6BPMSU
_8000144
999 _c12763
_d12763